| 000 | 00000nam 2200000za 4500 |
| 001 | 9.677541 |
| 003 | CaOODSP |
| 005 | 20240710082141 |
| 007 | cr ||||||||||| |
| 008 | 150407s2015 onc|||||o f|0| 0 fre d |
| 020 | |a978-0-660-21133-6 |
| 040 | |aCaOODSP|bfre |
| 043 | |an-cn--- |
| 086 | 1 |aMR4-39/2015F-PDF |
| 110 | 2 |aInstituts de recherche en santé du Canada. |
| 245 | 13|aUn plan pour un Canada en meilleure santé |h[ressource électronique] : |bune feuille de route vers le succès. |
| 260 | |aOttawa : |bInstituts de recherche en santé du Canada, |cc2015. |
| 300 | |a1 p. |
| 500 | |aPublié aussi en anglais sous le titre : A plan for a healthier Canada - a roadmap to success. |
| 691 | 07|aPolitique en matière de santé|2gcpds |
| 775 | 08|tA plan for a healthier Canada |w(CaOODSP)9.629948 |
| 856 | 40|qPDF|s1.10 Mo|uhttps://publications.gc.ca/collections/collection_2015/irsc-cihr/MR4-39-2015-fra.pdf |